Trouve les paroles - "Mon intime étranger" - Brigitte - Statistiques

Statistiques générales
  • Ce quiz a été pris 2 fois
  • Le résultat moyen est 103 sur 167
Statistiques - réponses
Paroles % Correct
a
100%
à
100%
d'
100%
D'
100%
de
100%
Et
100%
et
100%
il
100%
J'
100%
Je
100%
je
100%
L'
100%
l'
100%
la
100%
le
100%
ma
100%
me
100%
mes
100%
100%
ou
100%
se
100%
si
100%
tu
100%
absence
50%
âge
50%
ai
50%
Aime-
50%
amour
50%
armure
50%
avec
50%
balance
50%
bien
50%
blessure
50%
bras
50%
ce
50%
chabada
50%
chansons ?
50%
comme
50%
croyais
50%
dans
50%
Dans
50%
danse
50%
dansent
50%
des
50%
dis-
50%
écho
50%
en
50%
es
50%
est-
50%
étranger
50%
faire
50%
fais
50%
feindre
50%
force
50%
garçons
50%
gestes
50%
Grandir
50%
Ils
50%
ils
50%
imparfait
50%
imposture
50%
impostures
50%
intime
50%
jusqu'
50%
lacunes
50%
Lasse
50%
leurs
50%
loin,
50%
Mais
50%
mal
50%
manquer
50%
moi
50%
mon
50%
Mon
50%
oxymore
50%
Papa
50%
pourtant
50%
qu'
50%
que
50%
quel
50%
quelques
50%
qui
50%
ressemble
50%
ressemblent
50%
sauvée
50%
Scorpion
50%
silences
50%
tant
50%
te
50%
tes
50%
ton
50%
trop
50%
un
50%
une
50%
vais-
50%
viens
50%
y
50%
chacun
0%
coeur
0%
délivre-
0%
Dormir
0%
glace
0%
hélas
0%
hérité
0%
ne
0%
pas
0%
poisons
0%
possède
0%
reconnais
0%
Aucun quiz correspondant
Distribution des résultats
% des personnes avec chaque résultat
Percentile par nombre de réponses
Votre historique - résultats
Vous n’avez pas pris ce quiz